Modernización y comercio exterior de los servicios de salud /
Salvato in:
| Autore principale: | |
|---|---|
| Natura: | testo |
| Tags: |
Aggiungi Tag
Nessun Tag, puoi essere il primo ad aggiungerne!!
|
MARC
| LEADER | 00000 a a2200000 04500 | ||
|---|---|---|---|
| 001 | 48129 | ||
| 003 | |||
| 040 | |||
| 090 | |a REV1291 (37) 2000 | ||
| 100 | |a León, Francisco | ||
| 245 | |a Modernización y comercio exterior de los servicios de salud / |c Francisco León | ||
| 773 | |g número37, (2000), 40 páginas : gráficos | ||
| 999 | |c 27296 |d 27296 | ||
